000 00242nam a22000857a 4500
008 160816b xxu||||| |||| 00| 0 eng d
100 _9130
_aBatra S.K
245 _aTogether with mathematics-VIII
260 _aNew Delhi
_bRachna Sagar publication
_c2007
999 _c2785
_d2785